[Event "Chigorin Memorial 2016"]
[Site "St Petersburg RUS"]
[Date "2016.10.15"]
[Round "1.23"]
[White "Aleksandrov, Aleksej"]
[Black "Yeritsyan, Aram"]
[Result "1-0"]
[WhiteTitle "GM"]
[WhiteElo "2568"]
[BlackElo "2114"]
[WhiteFideId "13500139"]
[BlackFideId "34161047"]
[EventDate "2016.10.15"]

1. d4 Nf6 2. c4 e6 3. Nc3 Bb4 4. e3 O-O 5. Bd3 d5 6. cxd5 exd5 7. Ne2 Bd6 8. O-O
Re8 9. Bd2 a6 10. a3 Nbd7 11. Qb3 Ne4 12. Be1 Nxc3 13. bxc3 Nf6 14. h3 b5 15. a4
Bd7 16. axb5 axb5 17. Rxa8 Qxa8 18. Qb1 g6 19. Bd2 Ne4 20. Bc1 f5 21. f3 Ng3 22.
Nxg3 Bxg3 23. Bd2 Qc6 24. Qb3 Kh8 25. Rb1 Ra8 26. Kf1 Qd6 27. Qb2 c6 28. Ra1
Rxa1+ 29. Qxa1 Qc7 30. Qa8+ Qb8 31. Qa6 Bd6 32. Bc1 Qc8 33. Bxb5 Qb8 34. Bd3 Qb3
35. Qa8+ Kg7 36. Qa7 Qd1+ 37. Kf2 Qxd3 38. Qxd7+ Kh6 39. Qxd6 Qc2+ 40. Kg3 Qxc1
41. Qf8+ Kg5 42. Qe7+ Kh6 43. Kh4 1-0

[Event "Chigorin Memorial 2016"]
[Site "St Petersburg RUS"]
[Date "2016.10.15"]
[Round "1.46"]
[White "Tsapalin, Sergey"]
[Black "Esipenko, Andrey"]
[Result "0-1"]
[BlackTitle "FM"]
[WhiteElo "2060"]
[BlackElo "2490"]
[WhiteFideId "4107071"]
[BlackFideId "24175439"]
[EventDate "2016.10.15"]

1. d4 Nf6 2. c4 e6 3. Nc3 Bb4 4. f3 c5 5. d5 O-O 6. e4 d6 7. Bd3 Nbd7 8. Ne2 Ne5
9. O-O exd5 10. Nxd5 Nxd5 11. exd5 a6 12. Bc2 Qh4 13. b3 Bd7 14. f4 Ng4 15. h3
Rae8 16. Qd3 Nf6 17. Bb2 Ne4 18. f5 Bd2 19. Rad1 Bg5 20. Bc1 Bxc1 21. Rxc1 Qg5
22. Rce1 Bxf5 23. Qf3 Bg6 24. Bxe4 Bxe4 25. Qg3 Qxg3 26. Nxg3 Bd3 27. Rxe8 Rxe8
28. Rd1 Bc2 29. Rc1 Bg6 30. Kf2 b5 31. cxb5 axb5 32. a4 c4 33. bxc4 b4 34. Ne2
b3 35. Nc3 b2 36. Re1 Rxe1 37. Kxe1 b1=Q+ 38. Nxb1 Bxb1 39. Kd2 Bf5 40. a5 Bc8
41. Kc3 Kf8 42. Kb4 Ba6 43. c5 Ke7 44. g3 f5 45. h4 g6 0-1

[Event "Chigorin Memorial 2016"]
[Site "St Petersburg RUS"]
[Date "2016.10.15"]
[Round "1.72"]
[White "Tsvetkov, Andrey"]
[Black "Drygalov, Sergey"]
[Result "0-1"]
[WhiteTitle "CM"]
[WhiteElo "1992"]
[BlackElo "2409"]
[WhiteFideId "34139360"]
[BlackFideId "24171743"]
[EventDate "2016.10.15"]

1. d4 Nf6 2. c4 e6 3. Nc3 Bb4 4. e3 c5 5. Ne2 d6 6. a3 Ba5 7. g3 O-O 8. Bg2 Nc6
9. O-O Qe7 10. Qc2 Bxc3 11. Qxc3 e5 12. d5 Nb8 13. e4 Nbd7 14. h3 a6 15. Be3 b5
16. b4 bxc4 17. bxc5 Nxc5 18. Bxc5 dxc5 19. Qa5 Bd7 20. Rfc1 Ne8 21. Rab1 Nd6
22. Qxc5 Rfc8 23. Qe3 Qd8 24. Kh2 Rab8 25. f4 f6 26. fxe5 fxe5 27. Qc3 Qe7 28.
Qa5 Ra8 29. Rb6 Nb5 30. a4 Qd8 31. Bf1 c3 32. Ra1 Nd4 33. Nxd4 exd4 34. Qb4 c2
35. Rc1 Qg5 36. Qe1 Rc3 37. Rb2 Bxa4 38. Ra2 Bb3 39. Rxa6 Rf8 40. Rc6 Re3 0-1

[Event "Chigorin Memorial 2016"]
[Site "St Petersburg RUS"]
[Date "2016.10.15"]
[Round "1.167"]
[White "Konaplev, Anton"]
[Black "Timofeev, Vsevolod"]
[Result "1-0"]
[WhiteElo "2185"]
[BlackElo "1301"]
[WhiteFideId "24165646"]
[BlackFideId "54191602"]
[EventDate "2016.10.15"]

1. d4 d5 2. c4 e6 3. Nc3 Nf6 4. cxd5 exd5 5. Bg5 Be7 6. e3 h6 7. Bh4 Bf5 8. Bd3
Bg6 9. Bxg6 fxg6 10. Qd3 g5 11. Qg6+ Kf8 12. Bg3 Qe8 13. Qxe8+ Kxe8 14. Bxc7 Nc6
15. f3 Kd7 16. Bg3 Rhe8 17. Kd2 Na5 18. b3 Bb4 19. Ne2 Re7 20. Bf2 g4 21. Kd3
gxf3 22. gxf3 g5 23. h3 h5 24. e4 dxe4+ 25. fxe4 Rae8 26. e5 Nh7 27. Ne4 Rf7 28.
Be3 g4 29. hxg4 hxg4 30. Rxh7 Rxh7 31. Nf6+ Kd8 32. Nxh7 Rh8 33. Nf6 Rf8 34. Nf4
Rf7 35. Ne6+ Ke7 36. Ng5 Rg7 37. Nd5+ Kd7 38. Nxb4 Nc6 39. Nxc6 Kxc6 40. Rc1+
Kd7 41. e6+ Kd8 42. d5 b6 43. d6 Rg6 44. Nf7+ Ke8 45. Rc8# 1-0

[Event "Chigorin Memorial 2016"]
[Site "St Petersburg RUS"]
[Date "2016.10.16"]
[Round "2.1"]
[White "Dilmukhametov, Artur"]
[Black "Smirin, Ilia"]
[Result "0-1"]
[BlackTitle "GM"]
[WhiteElo "2347"]
[BlackElo "2685"]
[WhiteFideId "24179922"]
[BlackFideId "2801990"]
[EventDate "2016.10.15"]

1. d4 Nf6 2. Nf3 g6 3. Bf4 c5 4. e3 cxd4 5. exd4 Bg7 6. Be2 O-O 7. O-O d6 8. h3
Qb6 9. Nbd2 Nd5 10. Nc4 Qc7 11. Bh2 Bh6 12. Re1 Nc6 13. c3 b5 14. Na3 a6 15. Nc2
Na5 16. Nd2 Bb7 17. Bf3 Nb6 18. Bxb7 Qxb7 19. Ne3 Rac8 20. Bg3 f5 21. Qf3 Qxf3
22. Nxf3 Bxe3 23. fxe3 Nac4 24. Rab1 Na4 25. Bh4 Naxb2 26. Bxe7 Rfe8 27. Bxd6
Nd3 28. Red1 Rxe3 29. Bb4 Nxb4 30. cxb4 Re2 31. a3 Nxa3 32. Ra1 Nc2 33. Rxa6
Nxb4 34. Ra5 Nd5 35. Rxb5 Nc3 36. Rc1 Ree8 37. Rxc3 Rxc3 38. Rb7 Rec8 39. Re7 f4
40. Ng5 Re3 41. Rxh7 Rg3 0-1

[Event "Chigorin Memorial 2016"]
[Site "St Petersburg RUS"]
[Date "2016.10.16"]
[Round "2.2"]
[White "Artemiev, Vladislav"]
[Black "Schekachikhin, Maksim"]
[Result "1-0"]
[WhiteTitle "GM"]
[BlackTitle "FM"]
[WhiteElo "2663"]
[BlackElo "2347"]
[WhiteFideId "24101605"]
[BlackFideId "24177830"]
[EventDate "2016.10.15"]

1. d4 Nf6 2. Nf3 b6 3. Bg5 Bb7 4. Nbd2 c5 5. e3 d6 6. Bxf6 gxf6 7. c3 cxd4 8.
cxd4 Nd7 9. e4 Rg8 10. g3 d5 11. exd5 Bxd5 12. Bd3 h6 13. O-O e6 14. Be4 Bxe4
15. Nxe4 Be7 16. d5 Nc5 17. Nc3 Qd7 18. Qc2 e5 19. Nh4 Nb7 20. Qh7 O-O-O 21.
Qxf7 Rdf8 22. Qe6 Qxe6 23. dxe6 f5 24. Nf3 Bf6 25. Rac1 Kb8 26. Nd5 e4 27. e7
Rf7 28. Nxf6 Rxf6 29. Ne5 Rd6 30. Nc6+ Ka8 31. Rfd1 Rc8 32. Nd8 1-0

[Event "Chigorin Memorial 2016"]
[Site "St Petersburg RUS"]
[Date "2016.10.16"]
[Round "2.3"]
[White "Timerkhanov, Alexander"]
[Black "Sjugirov, Sanan"]
[Result "0-1"]
[WhiteTitle "FM"]
[BlackTitle "GM"]
[WhiteElo "2340"]
[BlackElo "2660"]
[WhiteFideId "24177938"]
[BlackFideId "4189302"]
[EventDate "2016.10.15"]

1. d4 Nf6 2. Bg5 c5 3. Bxf6 gxf6 4. d5 f5 5. c4 Bg7 6. Qc2 Qa5+ 7. Nc3 Bxc3+ 8.
bxc3 d6 9. e3 Nd7 10. Nf3 Nf6 11. Bd3 e6 12. O-O Bd7 13. a4 O-O 14. Nd2 Kh8 15.
Rfe1 Rae8 16. e4 f4 17. e5 dxe5 18. Nf3 exd5 19. Rxe5 Rxe5 20. Nxe5 d4 21. Qc1
Qxc3 22. Qxf4 Qxa1+ 23. Bf1 Ng8 24. Nxd7 Re8 25. Ne5 d3 26. Nxf7+ Kg7 27. Nd6
Rf8 28. Qg3+ Kh8 29. Qxd3 Qd4 30. Qxd4+ cxd4 31. Nxb7 Rb8 32. Nc5 Ne7 33. g4 Ng6
34. Ne6 Re8 35. Nxd4 Re4 36. Nf5 Rxg4+ 37. Kh1 Rf4 38. Ne3 Rxf2 39. c5 Rf3 0-1

[Event "Chigorin Memorial 2016"]
[Site "St Petersburg RUS"]
[Date "2016.10.16"]
[Round "2.5"]
[White "Palchun, Grigory"]
[Black "Alekseev, Evgeny"]
[Result "0-1"]
[BlackTitle "GM"]
[WhiteElo "2336"]
[BlackElo "2636"]
[WhiteFideId "24147338"]
[BlackFideId "4138147"]
[EventDate "2016.10.15"]

1. d4 Nf6 2. Nf3 e6 3. Bf4 c5 4. e3 Nc6 5. c3 Nh5 6. Bg5 Qb6 7. Na3 d5 8. Qb3 h6
9. Bh4 g5 10. Bg3 Nxg3 11. hxg3 Bg7 12. Be2 Bd7 13. O-O g4 14. Qxb6 axb6 15. Nd2
h5 16. Nc2 Ke7 17. a3 f5 18. f4 gxf3 19. gxf3 Bf6 20. Kg2 Rag8 21. Rh1 cxd4 22.
exd4 e5 23. dxe5 Bxe5 24. Nf1 f4 25. Rh4 Bf5 26. Nb4 Nxb4 27. axb4 Kd6 28. Rd1
Be6 29. Bc4 b5 30. Be2 Kc6 31. Ra1 Bd7 32. Rc1 Rg5 33. g4 Rgg8 34. Kg1 hxg4 35.
Rxh8 Bxh8 36. fxg4 Bxg4 37. Bxg4 Rxg4+ 38. Kf2 Rh4 39. Kg2 Kd6 40. Nh2 Rh7 41.
Nf3 Bf6 42. Ra1 Rg7+ 43. Kf2 Bd8 44. Rh1 Bb6+ 45. Kf1 Be3 46. Rh6+ Kc7 47. Ne1
f3 48. Rh1 Rg3 49. Nc2 Bb6 50. Rh7+ Kb8 51. Nd4 Bxd4 52. cxd4 Rg2 53. Rd7 Rxb2
54. Rxd5 Rxb4 55. Kf2 Rb3 56. Rf5 b4 57. d5 Kc7 58. Rf6 Rd3 59. Rf4 Rb3 60. Rf6
b5 61. Rc6+ Kb7 62. Rf6 Rd3 63. Rf4 b3 64. d6 Kc6 0-1

[Event "Chigorin Memorial 2016"]
[Site "St Petersburg RUS"]
[Date "2016.10.16"]
[Round "2.7"]
[White "Gevorgyan, David Sh."]
[Black "Romanov, Evgeny"]
[Result "0-1"]
[WhiteTitle "IM"]
[BlackTitle "GM"]
[WhiteElo "2335"]
[BlackElo "2619"]
[WhiteFideId "13303244"]
[BlackFideId "4148843"]
[EventDate "2016.10.15"]

1. d4 Nf6 2. c4 e6 3. Nc3 Bb4 4. e3 O-O 5. Bd3 d5 6. Nf3 b6 7. cxd5 exd5 8. O-O
Bb7 9. Ne5 Bd6 10. Bd2 c5 11. Nb5 Be7 12. Rc1 Nbd7 13. f4 Ne4 14. Be1 f6 15. Nf3
Re8 16. Nh4 a6 17. Nc3 b5 18. Qg4 Bf8 19. Bc2 Nb6 20. Nxe4 dxe4 21. dxc5 Bxc5
22. Bb3+ Nc4 23. Rd1 Bc8 24. Qe2 Qb6 25. Bf2 Be6 26. f5 Bf7 27. Rd7 Ra7 28. Rfd1
Qc6 29. Rxa7 Bxa7 30. h3 a5 31. Bxc4 Bxc4 32. Qd2 a4 33. Qc3 Rc8 34. b3 Bd3 35.
Qa5 Bb6 36. Qb4 Qc5 37. Qxc5 Rxc5 38. bxa4 bxa4 39. Rd2 Rc1+ 40. Kh2 a3 41. Bg1
Rxg1 42. Kxg1 Bxe3+ 43. Rf2 Bc4 44. g4 Bxa2 45. Ng2 Bxf2+ 46. Kxf2 Bb3 0-1

[Event "Chigorin Memorial 2016"]
[Site "St Petersburg RUS"]
[Date "2016.10.16"]
[Round "2.9"]
[White "Biriukov, Oleg V."]
[Black "Khismatullin, Denis"]
[Result "0-1"]
[WhiteTitle "IM"]
[BlackTitle "GM"]
[WhiteElo "2327"]
[BlackElo "2617"]
[WhiteFideId "4123174"]
[BlackFideId "4142578"]
[EventDate "2016.10.15"]

1. d4 Nf6 2. c4 e6 3. Nc3 Bb4 4. Qc2 c5 5. dxc5 Bxc5 6. Bf4 e5 7. Bg3 d6 8. e3
Be6 9. Nf3 h6 10. Be2 Nbd7 11. O-O Rc8 12. Rfd1 O-O 13. a3 Qe7 14. b4 Bb6 15.
Qb3 a6 16. Nd2 Ba7 17. Nd5 Bxd5 18. cxd5 Nb6 19. e4 Rc7 20. Rdc1 Rfc8 21. Rxc7
Qxc7 22. Kf1 Nbd7 23. Bd3 Nh5 24. Ke2 Ndf6 25. Nc4 Qd7 26. Ne3 Bd4 27. Ra2 Rc3
28. Qb1 Nf4+ 29. Bxf4 exf4 30. Nf5 Be5 31. h3 g6 32. Nxh6+ Kg7 33. Ng4 Nxg4 34.
hxg4 Qxg4+ 35. Kd2 Qxg2 36. Qf1 f3 0-1

[Event "Chigorin Memorial 2016"]
[Site "St Petersburg RUS"]
[Date "2016.10.16"]
[Round "2.10"]
[White "Lu, Shanglei"]
[Black "Yatzenko, Anton"]
[Result "1-0"]
[WhiteTitle "GM"]
[WhiteElo "2615"]
[BlackElo "2339"]
[WhiteFideId "8603332"]
[BlackFideId "4157826"]
[EventDate "2016.10.15"]

1. e4 e5 2. Nf3 Nc6 3. Bb5 a6 4. Ba4 Nf6 5. O-O Be7 6. Re1 b5 7. Bb3 d6 8. c3
O-O 9. d4 Bg4 10. Be3 Bh5 11. Nbd2 exd4 12. cxd4 Nb4 13. Nf1 c5 14. a3 c4 15.
axb4 cxb3 16. Ng3 Bg6 17. Bd2 d5 18. e5 Ne4 19. Qxb3 Nxd2 20. Nxd2 Qb6 21. Ne2
Kh8 22. Rac1 Rad8 23. Qc3 f6 24. e6 Qd6 25. Nb3 f5 26. Nc5 Rc8 27. Qf3 f4 28.
Nc3 Rf5 29. Re5 Rxe5 30. dxe5 Qxe5 31. Qxd5 Qf6 32. Re1 Be8 33. Qb7 1-0

[Event "Chigorin Memorial 2016"]
[Site "St Petersburg RUS"]
[Date "2016.10.16"]
[Round "2.11"]
[White "Drygalov, Andrey"]
[Black "Fier, Alexandr"]
[Result "1-0"]
[BlackTitle "GM"]
[WhiteElo "2318"]
[BlackElo "2614"]
[WhiteFideId "24171735"]
[BlackFideId "2107139"]
[EventDate "2016.10.15"]

1. e4 c5 2. Nf3 d6 3. d4 cxd4 4. Nxd4 Nf6 5. Nc3 a6 6. Be3 e5 7. Nb3 Be6 8. f3
Nbd7 9. Qd2 b5 10. g4 Nb6 11. g5 Nfd7 12. Nd5 Bxd5 13. exd5 Rc8 14. Na5 Qc7 15.
c3 Be7 16. O-O-O Nxd5 17. Qxd5 Qxa5 18. Bh3 Qc7 19. f4 b4 20. Rd3 Rd8 21. Bxd7+
Rxd7 22. Kb1 exf4 23. Bxf4 bxc3 24. Rxc3 Qd8 25. Re1 O-O 26. Rce3 Qc7 27. h4 Rb8
28. h5 Qb7 29. Qd4 Bf8 30. Rb3 Qa8 31. Rxb8 Qxb8 32. h6 Rd8 33. Bd2 Qb5 34. Bc3
Qxg5 35. hxg7 Be7 36. a4 h5 37. Ka2 h4 38. Rg1 Qf5 39. Re1 Qg5 40. Rg1 Qe5 41.
Qd1 Qf5 42. Rf1 Qg6 43. Rg1 Qh6 44. Qf3 d5 45. Re1 Bd6 46. Qxd5 h3 47. Qc6 f6
48. Qd5+ Kh7 49. Rg1 Rg8 50. Qf5+ 1-0

[Event "Chigorin Memorial 2016"]
[Site "St Petersburg RUS"]
[Date "2016.10.16"]
[Round "2.12"]
[White "Tishova, Svetlana"]
[Black "Kovalev, Vladislav"]
[Result "0-1"]
[WhiteTitle "FM"]
[BlackTitle "GM"]
[WhiteElo "2317"]
[BlackElo "2609"]
[WhiteFideId "24173550"]
[BlackFideId "13504398"]
[EventDate "2016.10.15"]

1. e4 c5 2. Nf3 Nc6 3. Bb5 g6 4. Bxc6 dxc6 5. h3 Bg7 6. d3 Nf6 7. Nc3 Nd7 8. Be3
e5 9. Qd2 Qe7 10. Bh6 Bxh6 11. Qxh6 f6 12. Nh2 Nf8 13. f4 exf4 14. Qxf4 Ne6 15.
Qd2 O-O 16. O-O Nd4 17. Rf2 Be6 18. b3 Rad8 19. Ne2 Nxe2+ 20. Qxe2 b5 21. Nf3 c4
22. bxc4 bxc4 23. d4 Qa3 24. Qe1 Rb8 25. c3 Rb7 26. Qc1 Qxc1+ 27. Rxc1 Rfb8 28.
Rcc2 Kg7 29. Nd2 a5 30. Nf1 Rb1 31. Kh2 Re1 32. Ng3 Rbb1 33. Rb2 a4 34. Rbd2 Rb5
35. Rf1 Rxf1 36. Nxf1 f5 37. e5 a3 38. Kg3 Rb1 39. Ne3 Rb2 40. Rf2 Kf7 41. Nd1
Rb1 42. Ne3 Re1 43. Nc2 Rc1 44. Kf4 Bd5 45. Nxa3 Rxc3 46. Nc2 Be4 47. Nb4 Ra3
48. g4 Ra4 49. gxf5 gxf5 50. a3 Rxa3 51. Ra2 Rb3 52. Na6 Kg6 53. Rf2 Rxh3 54.
Nc5 Bd5 55. Rf1 Rh4+ 56. Ke3 Rg4 57. Nd7 Re4+ 58. Kf2 Rf4+ 0-1

[Event "Chigorin Memorial 2016"]
[Site "St Petersburg RUS"]
[Date "2016.10.16"]
[Round "2.13"]
[White "Volkov, Sergey"]
[Black "Borisovsky, Dmitry"]
[Result "1/2-1/2"]
[WhiteTitle "GM"]
[BlackTitle "FM"]
[WhiteElo "2609"]
[BlackElo "2335"]
[WhiteFideId "4122763"]
[BlackFideId "34109410"]
[EventDate "2016.10.15"]

1. d4 Nf6 2. c4 g6 3. Nc3 d5 4. Nf3 Bg7 5. Qb3 dxc4 6. Qxc4 O-O 7. e4 a6 8. Be2
b5 9. Qb3 c5 10. dxc5 Be6 11. Qc2 Nbd7 12. Be3 Rc8 13. Rd1 b4 14. Nd5 Bxd5 15.
exd5 Nxc5 16. O-O Qd6 17. Bc4 Na4 18. Bd4 Nb6 19. Bxb6 Qxb6 20. Qe2 a5 21. Rfe1
Ne8 22. Bb5 Nd6 23. Bc6 Rc7 24. Ne5 Rd8 25. h4 Nf5 26. h5 Ng3 27. Qf3 Bxe5 28.
hxg6 hxg6 29. Rxe5 Nf5 30. Rde1 Rd6 31. Qf4 Rf6 32. b3 Qd4 33. R5e4 Qa7 34. Qe5
Nd6 35. R4e3 Qc5 36. R3e2 Qa7 37. Qb2 Nf5 38. Re4 Qc5 39. Rf4 Qd6 40. g3 Rc8 41.
Kg2 Kg7 42. Ree4 e6 43. Qe5 exd5 44. Bxd5 Rc5 45. Qxd6 Nxd6 46. Rxf6 Kxf6 47.
Rf4+ Ke7 48. Bc4 Nxc4 49. bxc4 a4 50. Rd4 b3 1/2-1/2

[Event "Chigorin Memorial 2016"]
[Site "St Petersburg RUS"]
[Date "2016.10.16"]
[Round "2.14"]
[White "Belous, Mikhail"]
[Black "Eliseev, Urii"]
[Result "0-1"]
[WhiteTitle "FM"]
[BlackTitle "GM"]
[WhiteElo "2314"]
[BlackElo "2606"]
[WhiteFideId "14127555"]
[BlackFideId "24131920"]
[EventDate "2016.10.15"]

1. d4 Nf6 2. c4 g6 3. Nc3 d5 4. cxd5 Nxd5 5. e4 Nxc3 6. bxc3 Bg7 7. Bc4 c5 8.
Ne2 Nc6 9. Be3 O-O 10. O-O Qc7 11. Rc1 Rd8 12. f4 Na5 13. Bd3 f5 14. exf5 Bxf5
15. Bxf5 gxf5 16. Ng3 e6 17. Nh5 Bh8 18. Bf2 cxd4 19. cxd4 Qf7 20. Rc3 h6 21.
Rd3 Nc6 22. Re1 Rd6 23. Ng3 Nb4 24. Rd2 Rc8 25. Ne2 Rdc6 26. Qb3 Nd5 27. Rb1 Nf6
28. Rbb2 Qc7 29. h3 Ne4 30. Rd1 Rb6 31. Qa3 Rxb2 32. Qxb2 Qc2 33. Qc1 Rc4 34.
Qxc2 Rxc2 35. Kf1 Rxa2 36. d5 exd5 37. Rxd5 Ra1+ 38. Be1 Bf6 39. Rd3 Be7 40. Nd4
Bh4 41. Nf3 Bxe1 42. Nxe1 b5 43. g4 b4 44. Ke2 Nc3+ 45. Kf2 b3 0-1

[Event "Chigorin Memorial 2016"]
[Site "St Petersburg RUS"]
[Date "2016.10.16"]
[Round "2.15"]
[White "Timofeev, Artyom"]
[Black "Maltsevskaya, Aleksandra"]
[Result "1-0"]
[WhiteTitle "GM"]
[WhiteElo "2601"]
[BlackElo "2319"]
[WhiteFideId "4140419"]
[BlackFideId "24174041"]
[EventDate "2016.10.15"]

1. e4 c5 2. Nf3 e6 3. g3 Nc6 4. Bg2 d5 5. exd5 exd5 6. d4 Bg4 7. h3 Bxf3 8. Qxf3
Nxd4 9. Qd3 Nf6 10. Nc3 h6 11. Be3 Qb6 12. O-O Be7 13. Bxd4 cxd4 14. Nxd5 Nxd5
15. Bxd5 O-O 16. Rae1 Bf6 17. b3 Rac8 18. Bc4 Qc6 19. Re2 a6 20. a4 Rfe8 21.
Rfe1 Qd7 22. h4 Rxe2 23. Rxe2 Re8 24. Qf5 Qd8 25. Qd5 Rxe2 26. Qxf7+ Kh8 27.
Bxe2 Qc8 28. Bf3 b5 29. Bb7 Qb8 30. Bxa6 bxa4 31. bxa4 Qb1+ 32. Kg2 Qb8 33. Bb7
Be5 34. a5 Bc7 35. a6 Bb6 36. Be4 Bc5 37. Qf5 1-0

[Event "Chigorin Memorial 2016"]
[Site "St Petersburg RUS"]
[Date "2016.10.16"]
[Round "2.16"]
[White "Bok, Benjamin"]
[Black "Matsenko, Andrei"]
[Result "1-0"]
[WhiteTitle "GM"]
[BlackTitle "FM"]
[WhiteElo "2594"]
[BlackElo "2317"]
[WhiteFideId "1017063"]
[BlackFideId "24146501"]
[EventDate "2016.10.15"]

1. Nf3 Nf6 2. c4 e6 3. Nc3 d5 4. e3 Be7 5. b3 O-O 6. Bb2 c5 7. cxd5 exd5 8. d4
Nc6 9. Be2 b6 10. O-O Bb7 11. dxc5 bxc5 12. Rc1 Rc8 13. Na4 Nb8 14. Bxf6 gxf6
15. Nh4 Nd7 16. Bd3 Ne5 17. Bb1 Ng6 18. Qh5 Re8 19. Nf5 Bf8 20. Rfd1 d4 21. Qg4
Qd5 22. Nb2 Qe6 23. Nc4 Rcd8 24. h4 Be4 25. Bxe4 Qxe4 26. Qxe4 Rxe4 27. h5 Ne7
28. Nfd6 Rh4 29. g3 Rxh5 30. exd4 cxd4 31. Rxd4 Nc6 32. Rd2 Ne5 33. Ne4 Be7 34.
Rxd8+ Bxd8 35. Ne3 Bb6 1-0

[Event "Chigorin Memorial 2016"]
[Site "St Petersburg RUS"]
[Date "2016.10.16"]
[Round "2.17"]
[White "Rozum, Ivan"]
[Black "Musaev, Rasul"]
[Result "1-0"]
[WhiteTitle "GM"]
[BlackTitle "FM"]
[WhiteElo "2590"]
[BlackElo "2312"]
[WhiteFideId "24104272"]
[BlackFideId "24146870"]
[EventDate "2016.10.15"]

1. d4 Nf6 2. c4 e6 3. Nc3 Bb4 4. e3 O-O 5. Bd3 d5 6. Nf3 c5 7. cxd5 exd5 8. dxc5
Nbd7 9. Bd2 Nxc5 10. Be2 Ba5 11. a3 Bb6 12. O-O Bf5 13. Be1 Rc8 14. Rc1 a6 15.
Na2 Re8 16. Bc3 Nce4 17. Bd4 Rxc1 18. Nxc1 Bc7 19. Nd3 Ng4 20. h3 Nh6 21. Be5
Bxe5 22. Ndxe5 f6 23. Nd3 Be6 24. Nd4 Bf7 25. Qc2 Qc8 26. Rc1 Qxc2 27. Rxc2 Kf8
28. Nc5 Nd6 29. Nd7+ Ke7 30. Nb6 Kd8 31. Rc5 Ng8 32. Bf3 Re5 33. Nxd5 Ne7 34.
Nf4 Rxc5 35. Nfe6+ Kc8 36. Nxc5 b6 37. Nxa6 Nc4 38. Nb5 Be8 39. Nbc7 Bf7 40. Nb5
Be8 41. Nd4 Bf7 42. b3 Nxa3 43. Be4 Nd5 44. Kf1 g6 45. Ke1 f5 46. Bd3 Kb7 47.
Kd2 Nb1+ 48. Bxb1 Kxa6 49. Bd3+ Kb7 50. Bc4 Kc7 51. Nb5+ Kc6 52. Nc3 Nxc3 53.
Kxc3 Be8 54. Kd4 Kd6 55. h4 h6 56. f4 Bc6 57. g3 Be8 58. b4 h5 59. Bd5 Ke7 60.
Ke5 Bd7 61. e4 Bc8 62. exf5 1-0

[Event "Chigorin Memorial 2016"]
[Site "St Petersburg RUS"]
[Date "2016.10.16"]
[Round "2.18"]
[White "Nazaretyan, Tigran"]
[Black "Ponkratov, Pavel"]
[Result "0-1"]
[BlackTitle "GM"]
[WhiteElo "2308"]
[BlackElo "2589"]
[WhiteFideId "24162345"]
[BlackFideId "4157800"]
[EventDate "2016.10.15"]

1. d4 Nf6 2. Nf3 e6 3. Bf4 c5 4. e3 Nc6 5. c3 Nh5 6. Bg5 Qb6 7. Qb3 h6 8. Bh4 g5
9. Bg3 Nxg3 10. hxg3 Bg7 11. Nbd2 d5 12. Qc2 g4 13. Ng1 e5 14. dxe5 Nxe5 15.
O-O-O c4 16. Nb1 Qa6 17. Rxd5 Be6 18. Rd4 O-O 19. f4 Nd3+ 20. Rxd3 cxd3 21. Bxd3
Qxa2 22. f5 Bb3 23. Qe2 Rfd8 24. Bc2 Bxc2 25. Qxc2 Qd5 26. Rh4 Qc5 27. Qf2 Rd5
28. Rxg4 Rxf5 29. Rf4 Rxf4 30. gxf4 Re8 31. Kd2 Qb6 32. Kd3 Qb5+ 33. Kc2 Qf5+
34. Kc1 Qd3 35. Nd2 Rxe3 36. Kd1 Re6 37. Qxa7 Ra6 38. Qb8+ Kh7 39. Ne2 Bxc3 40.
bxc3 Ra2 0-1

[Event "Chigorin Memorial 2016"]
[Site "St Petersburg RUS"]
[Date "2016.10.16"]
[Round "2.19"]
[White "Pridorozhni, Aleksei"]
[Black "Martynov, Roman"]
[Result "1/2-1/2"]
[WhiteTitle "GM"]
[BlackTitle "FM"]
[WhiteElo "2579"]
[BlackElo "2307"]
[WhiteFideId "4127870"]
[BlackFideId "14132044"]
[EventDate "2016.10.15"]

1. c4 Nf6 2. Nc3 c5 3. Nf3 b6 4. e4 d6 5. d4 cxd4 6. Nxd4 Bb7 7. f3 e6 8. Be2
Be7 9. O-O O-O 10. Be3 a6 11. a4 Nc6 12. Qd2 Qc7 13. Nxc6 Bxc6 14. Rfc1 Qb7 15.
Bf1 a5 16. Rd1 Rfd8 17. Bd4 Nd7 18. Nd5 Bf8 19. Qg5 h6 20. Qg3 Nc5 21. Nf6+ Kh8
22. Nh5 e5 23. Bxc5 bxc5 24. Qe1 Rdb8 25. Ng3 Qd7 26. Rd2 Bxa4 27. Ne2 Rb4 28.
Nc3 Bc6 29. Qd1 Be7 30. b3 Qc7 31. Nb5 Bxb5 32. cxb5 Bg5 33. Rxd6 Rd4 34. Rxd4
Be3+ 35. Kh1 Bxd4 36. Ra2 Ra7 37. Bc4 Qb6 38. g3 Qf6 39. Kg2 Qb6 40. Qf1 g6 41.
Bd5 Kg7 42. Bc6 h5 43. f4 exf4 44. gxf4 f6 45. Qf3 c4 46. bxc4 a4 47. f5 Qc5 48.
Bd5 Qb4 49. fxg6 Qb1 50. c5 Bxc5 51. Qxh5 Qg1+ 52. Kh3 Qe3+ 53. Kg4 Qg1+ 54. Kf4
Qc1+ 55. Kg3 Qe1+ 56. Kh3 Qe3+ 57. Kh4 Qe1+ 1/2-1/2

[Event "Chigorin Memorial 2016"]
[Site "St Petersburg RUS"]
[Date "2016.10.16"]
[Round "2.20"]
[White "Sengupta, Deep"]
[Black "Sichinava, Zviad"]
[Result "1-0"]
[WhiteTitle "GM"]
[WhiteElo "2570"]
[BlackElo "2305"]
[WhiteFideId "5008352"]
[BlackFideId "24111716"]
[EventDate "2016.10.15"]

1. e4 e6 2. d4 d5 3. Nd2 Be7 4. Ngf3 Nf6 5. e5 Nfd7 6. Bd3 c5 7. c3 Nc6 8. O-O
g5 9. Qe2 h5 10. Qe3 Rg8 11. Bb1 a5 12. Ne1 b5 13. Nc2 Qb6 14. Rd1 Ba6 15. Nf1
b4 16. Qe1 a4 17. a3 b3 18. dxc5 Bxc5 19. Nb4 Ncxe5 20. Be3 Bxf1 21. Bxc5 Qxc5
22. Qxf1 g4 23. Bd3 Ke7 24. Bb5 Nf6 25. Rd4 Nf3+ 26. gxf3 gxf3+ 27. Kh1 Rg2 28.
Nc6+ Kd6 29. Qc1 Qxb5 30. Qf4+ Kxc6 31. c4 Qb8 32. cxd5+ Kd7 33. d6 Rg4 34. Qxf6
Rxd4 35. Qxd4 Qxd6 36. Qf6 Qd5 37. Qxf7+ Kc6 38. Re1 Rd8 39. Rxe6+ Kb5 40. h3
Qd1+ 41. Kh2 Rd7 42. Qxh5+ Kc4 43. Qa5 1-0